| 000 | 00503nam a2200169Ia 4500 | ||
|---|---|---|---|
| 008 | 220216s9999 xx 000 0 und d | ||
| 100 | _aGupta Samik | ||
| 245 | 0 | _aDevelopment and properties of novel thermoplastic elastomer based on poly (phenylene ether) | |
| 260 |
_bRubber Chemistry and Technology _c2007 |
||
| 300 | _a642-660 | ||
| 650 | _aThermoplastic elastomers | ||
| 700 | _aBhowmick | ||
| 700 | _aBiswas Amit | ||
| 700 | _aKrishnamurthy Raja | ||
| 700 | _aPreschilla Nisha | ||
| 942 | _cJS | ||
| 999 |
_c56947 _d56947 |
||